Normal view
MARC view
- Marshall, I.H Turvey, G.J
Entry Personal Name
001 - CONTROL NUMBER
- control field: 76244
003 - CONTROL NUMBER IDENTIFIER
- control field: NUST
005 - DATE AND TIME OF LATEST TRANSACTION
- control field: 20210628205616.0
008 - FIXED-LENGTH DATA ELEMENTS
- fixed length control field: 210628|| aca||aabn | a|a d
040 ## - CATALOGING SOURCE
- Original cataloging agency: NUST
- Transcribing agency: NUST
100 ## - HEADING--PERSONAL NAME
- Personal name: Marshall, I.H Turvey, G.J
670 ## - SOURCE DATA FOUND
- Source citation: Work cat.: (NUST): Marshall, I.H Turvey, G.J, Buckling and postbuckling of composite plates, 1995
